00765nam a2200229 a 450000100100000000500170001000800410002704000250006808200230009310000330011624500940014925000120024326000400025530000210029550400320031665000320034865000320038065000340041265000280044670000320047470000290050600003887320250527115319.0130501s2005 dr 001 0 spa d aDO-SdBNPbspacBNPHU a658.4bR696c, 20051 aRodríguez, Willian,d1954-10aCómo organizar una empresa /cWillian Rodríguez, Edgar Guillermo, Eleido Rodríguez. a4ª ed. aSanto Domingo :bDe Colores,c2005. a247 p. ;c21 cm. aBibliografía: p. 243-247. 0aAdministración industrial 0aPlanificación empresarial 4aPlanificación estratégica 4aCrecimiento empresarial1 aRodríguez, Eleido,d1948-1 aGuillermo, Edgar,d1953-